Canciones Operación Triunfo 2025 - Estadísticas

Estadísticas generales
  • Esta prueba ha sido intentada 435 veces
  • La puntuación promedio es 8 de 15
Answers on the Grid
Answers color-coded by a green-red scale on the quiz's grid according to % correct below.
Inmortal
Noche en vela
Let me out
You know I'm no good
You will be found
Perfect
Let's dance
Vamos a olvidar
Creo en mí
Don't leave me this way
Tempestades de sal
Que te quería
It's my life
Take on me
Part-time lover
Creep
Aire
A quién le importa
Take me to church
I surrender
El principio de algo
Agua
Stars
Kiss me
Kiss me more
Miedo
Solo si es contigo
Se fue
El farsante
La cigarra
 
Estadísticas de respuestas
Respuesta % Correcto
Creo en mí
69%
It's my life
67%
I surrender
66%
El principio de algo
64%
Kiss me
63%
Kiss me more
62%
Don't leave me this way
60%
Tempestades de sal
57%
Vamos a olvidar
55%
Let's dance
54%
Agua
52%
You will be found
47%
Que te quería
45%
Noche en vela
44%
Stars
38%
No se encontraron pruebas coincidentes
Distribución de puntuación
Porcentaje de gente con cada puntuación
Porcentaje por número respondido
Historial de tus puntuaciones
No has intentado esta prueba.